| 000 | 01022nas a2200325 4500 | ||
|---|---|---|---|
| 001 | BR0503944 | ||
| 003 | BR-BrBNA | ||
| 005 | 20231205105555.0 | ||
| 007 | ta | ||
| 008 | 230509b bl.|||p| |||| 00| 00por d | ||
| 040 |
_aBR-BrBNA _bpor _cBiblioteca Nacional de Agricultura |
||
| 041 | _a(Pt) | ||
| 072 | _aL10 | ||
| 100 | 1 | _aVianna, W.L. | |
| 100 | 1 | _aBruno, D.G. | |
| 100 | 1 | _aNamindome, A. | |
| 100 | 1 | _aRosseto, A.C. | |
| 100 | 1 | _aRodrigues, P.H.M. | |
| 100 | 1 | _aPinese, M.E. | |
| 100 | 1 | _aMoretti, A. de S.A. | |
| 245 | 1 | _aEstudo comparativo da eficiência de diferentes técnicas de mensuração da concentração espermática em suínos | |
| 650 | _aSUÍNO | ||
| 650 | _aINSEMINAÇÃO ARTIFICIAL | ||
| 650 | _aESPECTROFOTOMETRIA | ||
| 650 | _aANÁLISE COMPARATIVA | ||
| 650 | _aESPERMA | ||
| 773 | 0 |
_tRevista Brasileira de Zootecnia (Brazil) _xISSN 1516-3598 _g(Nov-Dec 2004), v. 33(6)(Suplemento 2) p. 2054-2059 _wBR0503944 |
|
| 909 |
_a202311 _bLúcia _c55 _dLúcia Elande |
||
| 942 |
_2AGRIS _n0 _cANA |
||
| 999 |
_c183620 _d183620 |
||